000 00744nam a2200253Ia 4500
003 OSt
005 20220918174047.0
006 a|||||r|||| 00| 0
007 ta
008 220917b |||||||| |||| 00| 0 eng d
024 _a10,242
037 _cTextual
040 _aARTS
_cARTS
_beng
041 _2eng
_aeng
082 _aQ7:35.654, M7 (906)
100 _aOkorocha Cyril C
_948955
245 0 _aMeaning of religious conversion in Africa
_b the case of the Lgbe of Nigeria
260 _aAldershot
_bAvebury
_c1987
300 _axv,352p.
_ccm.
500 _aAppendix 297-310p (1-5); Bib 311-34p
650 _aRELIGION
942 _hQ7:35.654, M7 (906)
_cTEXL
_2CC
999 _c151616
_d151616